Hard Friends Quiz - Statistics

General Stats
  • This quiz has been taken 497 times
  • The average score is 17 of 20
Answer Stats
Hint Answer % Correct
Coffee shop where the gang regularly hangs out Central Perk
100%
Masseuse and musician Phoebe
98%
How many grandchildren does Judy Geller have? Four
97%
"oh my God!" Janice
97%
Which woman of the gang had never been divorced Monica
97%
Was on a break with Rachel Ross
97%
Emma's older brother Ben
96%
Monica's nickname when she was a field hockey goalie Big fat goalie
89%
Monica's and Jill's niece Emma
88%
Sister of Frank Jr Jr and Leslie Buffay Chandler Buffay
87%
Monica's millionaire ex-boyfriend Pete Becker
86%
The M in Chandler M. Bing Muriel
85%
Helped Rachel get a job at Bloomingdale's Mark
84%
Monica's maiden name Geller
83%
The actor of the bunch Joey
82%
The Wine Guy Paul
82%
Thought Phoebe's name was Emma Amy
81%
Ross' bald ex-girlfriend Bonnie
81%
Name of Ross & Monica's grandmother whose funeral Joey & Chandler attended Althea
65%
Middle name of Phoebe's twin sister Pamela
22%
No matching quizzes found
Score Distribution
Percent of People with Each Score
Percentile by Number Answered
Your Score History
You have not taken this quiz